Nomeie um país - Médio - Statistics

Estatísticas Gerais
  • Esse quiz foi jogado 462 vezes
  • A pontuação média é 14 de 16
Estatísticas das Respostas
Imagem Resposta % Correto
Cuba
96%
Nepal
96%
Vaticano
94%
Tunísia
93%
Líbano
92%
Angola
91%
Islândia
91%
Panamá
91%
Albânia
90%
Georgia
90%
Sérvia
90%
Áustria
89%
Costa do Marfim
87%
Argélia
86%
Vietname
85%
Malásia
82%
Nenhum quiz correspondente encontrado
Distribuição das Pontuações
Porcentagem de Pessoas com Cada Pontuação
Percentil de Números Respondidos
Sua Pontuação Histórica
Você não jogou esse quiz